[Event "6th EICC"]
[Site "Warsaw POL"]
[Date "2005.06.19"]
[Round "2"]
[White "Anastasian,A"]
[Black "Michalczak,T"]
[Result "1-0"]
[WhiteElo "2574"]
[BlackElo "2369"]
[EventDate "2005.06.18"]

1. c4 e6 2. d4 d5 3. Nc3 Be7 4. Nf3 Nf6 5. Bg5 h6 6. Bh4 O-O 7. e3 b6 8.
Rc1 Bb7 9. Bxf6 Bxf6 10. cxd5 exd5 11. b4 c6 12. Be2 Nd7 13. O-O a5 14. b5
c5 15. dxc5 Nxc5 16. Na4 Ne6 17. Qb3 Qd6 18. Rcd1 Rad8 19. Rd2 Rfe8 20.
Rfd1 d4 21. Nxd4 Nxd4 22. exd4 Qf4 23. Qg3 Qxg3 24. hxg3 Rxd4 25. Rxd4 Bxd4
26. Bf3 Bxf3 27. Rxd4 Be2 28. Nc3 Re6 29. f3 Re3 30. Rd8+ Kh7 31. Rc8 Bd3
32. Kf2 Re6 33. g4 g5 34. Rd8 Bc4 35. Rd4 Bxa2 36. Nxa2 Re5 37. Nc3 Rc5 38.
Rd3 Kg6 39. Ke3 f6 40. Kd2 h5 41. gxh5+ Kxh5 42. Rd6 1-0

[Event "6th EICC"]
[Site "Warsaw POL"]
[Date "2005.06.19"]
[Round "2"]
[White "Palac,M"]
[Black "Erturan,Y"]
[Result "1-0"]
[WhiteElo "2574"]
[BlackElo "2277"]
[EventDate "2005.06.18"]

1. e4 e5 2. Nf3 Nc6 3. Bb5 a6 4. Ba4 Nf6 5. O-O Be7 6. Re1 b5 7. Bb3 d6 8.
c3 O-O 9. h3 h6 10. d4 Re8 11. Be3 Bf8 12. Nbd2 Bb7 13. Qb1 Nb8 14. Bc2
Nbd7 15. b4 Qe7 16. a4 exd4 17. Nxd4 c5 18. Nf5 Qe5 19. bxc5 dxc5 20. f4
Qxc3 21. e5 Nd5 22. Ne4 Qb4 23. Qd1 Nxe3 24. Rxe3 Bc6 25. Rb1 Qa5 26. Nxh6+
gxh6 27. Rg3+ Bg7 28. Qg4 Kf8 29. Qxg7+ Ke7 30. Qxh6 1-0

[Event "6th EICC"]
[Site "Warsaw POL"]
[Date "2005.06.19"]
[Round "2"]
[White "Urban,K"]
[Black "Nielsen,PH"]
[Result "1/2-1/2"]
[WhiteElo "2497"]
[BlackElo "2653"]
[EventDate "2005.06.18"]

1. d4 f5 2. g3 Nf6 3. Bg2 g6 4. c4 Bg7 5. Nc3 O-O 6. Nh3 d6 7. d5 Na6 8.
O-O Nc5 9. Be3 Nce4 10. Nxe4 Nxe4 11. Bd4 Bh6 12. b3 c5 13. Bb2 b5 14. cxb5
Rb8 15. Qd3 Qb6 16. Nf4 Nf6 17. a4 a6 18. b4 cxb4 19. Ne6 Bxe6 20. dxe6
axb5 21. a5 Qa6 22. Rfb1 Bg7 23. Bd4 Rfc8 24. Rxb4 Ng4 25. e3 Ne5 26. Qb3
Nc6 27. Bxc6 Rxc6 28. Qb2 Bxd4 29. exd4 Rbc8 30. Rxb5 Rc2 31. Qb3 Kg7 32.
Qd5 R8c7 33. h4 h5 34. Rf1 Kf6 35. Qb3 R2c3 36. Qd5 Rc8 37. Rb3 1/2-1/2

[Event "6th EICC"]
[Site "Warsaw POL"]
[Date "2005.06.19"]
[Round "2"]
[White "Fressinet,L"]
[Black "L'Ami,E"]
[Result "1/2-1/2"]
[WhiteElo "2638"]
[BlackElo "2515"]
[EventDate "2005.06.18"]

1. e4 c6 2. d4 d5 3. Nc3 dxe4 4. Nxe4 Bf5 5. Ng3 Bg6 6. h4 h6 7. Nf3 Nd7 8.
h5 Bh7 9. Bd3 Bxd3 10. Qxd3 e6 11. Bf4 Qa5+ 12. Bd2 Bb4 13. c3 Be7 14. c4
Qc7 15. O-O-O Ngf6 16. Kb1 O-O-O 17. Qe2 Rhe8 18. Bc3 c5 19. Rhe1 cxd4 20.
Nxd4 a6 21. Nf3 Bd6 22. Ne4 Nxe4 23. Qxe4 Nf6 24. Bxf6 gxf6 25. Qe3 Bf4 26.
Qc3 Rxd1+ 27. Rxd1 Rd8 28. Kc2 Rxd1 29. Kxd1 f5 30. g3 Bd6 31. Ke2 Qe7 32.
c5 Bc7 33. c6 e5 34. cxb7+ Kxb7 35. Kf1 Qe6 36. Qb3+ Kc8 37. Nh4 e4 38. Qc3
Kd7 39. Qd4+ Bd6 40. Ng2 Qxa2 41. Ne3 Qe6 42. Qa4+ Ke7 43. Qxa6 f4 44. gxf4
Bxf4 45. Qa7+ Kf6 46. Qd4+ Kg5 47. Qc5+ f5 48. Nd5 Be5 49. b4 f4 50. b5
Qh3+ 51. Ke1 Qh1+ 52. Kd2 Kg4 53. Qc4 Qb1 54. Qc8+ Kh4 55. Qc4 Kh3 56. Nb4
f3 57. Nc2 Bf4+ 58. Kc3 Be5+ 59. Kd2 Bf4+ 1/2-1/2

[Event "6th EICC"]
[Site "Warsaw POL"]
[Date "2005.06.19"]
[Round "2"]
[White "Galego,L"]
[Black "Movsesian,S"]
[Result "1/2-1/2"]
[WhiteElo "2493"]
[BlackElo "2628"]
[EventDate "2005.06.18"]

1. e4 c5 2. Nf3 Nc6 3. Bb5 d6 4. O-O Bd7 5. Re1 Nf6 6. Nc3 e5 7. d3 a6 8.
Bxc6 Bxc6 9. Ne2 g6 10. Ng3 Bg7 11. c3 O-O 12. d4 Qc7 13. h3 h6 14. Qc2
cxd4 15. cxd4 Rac8 16. Bd2 b5 17. Bb4 exd4 18. Nxd4 Qb6 19. Nxc6 Rxc6 20.
Qd2 Rfc8 21. Rac1 Nd7 22. Rxc6 Rxc6 23. Nf1 Rc4 24. Re2 Nc5 25. Bxc5 dxc5
26. Qd7 Bd4 27. g3 Qe6 28. Qxe6 fxe6 29. Kg2 Rc1 30. b3 a5 31. e5 a4 32.
bxa4 bxa4 33. Ne3 a3 34. Nc2 Bb2 35. Kf3 Kf7 36. Ke4 c4 37. Ne3 c3 38. Kd3
Ra1 39. h4 Ke7 40. Kc4 Rxa2 41. Nc2 Bc1 42. Kxc3 Rb2 43. Re4 Rb5 44. Ra4
Rxe5 45. Kd3 Rb5 46. Kc4 Rb2 47. Kc3 h5 48. Ra6 Kf6 49. f3 Rb1 50. g4 Bb2+
51. Kd3 Rh1 52. gxh5 gxh5 53. Ra5 Rxh4 54. Nxa3 Rd4+ 55. Ke2 e5 56. Nc2 Rh4
57. Ne3 Bd4 58. Ra8 Rh2+ 59. Kd3 Rf2 60. f4 Bc5 61. Ra6+ Kg7 62. Ra5 Bb6
63. Rxe5 1/2-1/2

[Event "6th EICC"]
[Site "Warsaw POL"]
[Date "2005.06.19"]
[Round "2"]
[White "Cheparinov,I"]
[Black "Firman,N"]
[Result "1-0"]
[WhiteElo "2621"]
[BlackElo "2471"]
[EventDate "2005.06.18"]

1. e4 c5 2. Nf3 e6 3. d4 cxd4 4. Nxd4 Nc6 5. Nc3 a6 6. Nxc6 bxc6 7. Bd3 d5
8. O-O Nf6 9. Re1 Be7 10. Qf3 O-O 11. Bf4 g6 12. Na4 Bb7 13. Rad1 Qa5 14.
b3 dxe4 15. Bxe4 Nxe4 16. Qxe4 Rad8 17. Be5 Rxd1 18. Rxd1 Rd8 19. Rxd8+
Qxd8 20. Qd4 Qd5 21. Nc3 Qxd4 22. Bxd4 c5 23. Be3 Bc6 24. f3 f5 25. Nd1 c4
26. Nb2 cxb3 27. axb3 Bf6 28. Nd3 Kf7 29. Bf4 Bd4+ 30. Kf1 Kf6 31. Ke2 e5
32. Be3 Bxe3 33. Kxe3 f4+ 34. Kd2 g5 35. Nf2 a5 36. Ke2 h5 37. Kd3 Kf5 38.
h3 Bb5+ 39. c4 Bc6 40. Ke2 Ke6 41. Kd3 Be8 42. Kc3 Bg6 43. b4 axb4+ 44.
Kxb4 e4 45. fxe4 Ke5 46. Kc3 Be8 47. Kd3 Bd7 48. Ke2 Kd4 49. Kf3 h4 50. Ng4
Ba4 51. Nf6 Bd1+ 52. Kf2 Ke5 53. Nh7 g4 54. hxg4 Bxg4 55. c5 Bd7 56. Ng5
Bg4 57. c6 Kd6 58. Nf7+ Kc7 59. Ne5 Bh5 60. Nd3 Kxc6 61. Nxf4 Bg4 62. Ng6
Kc5 63. Nxh4 Bd7 64. Kg3 Bc8 65. Kf4 Bb7 1-0

[Event "6th EICC"]
[Site "Warsaw POL"]
[Date "2005.06.19"]
[Round "2"]
[White "Tzermiadianos,And"]
[Black "Pelletier,Y"]
[Result "0-1"]
[WhiteElo "2453"]
[BlackElo "2610"]
[EventDate "2005.06.18"]

1. e4 c5 2. c3 d5 3. exd5 Qxd5 4. d4 Nf6 5. Nf3 e6 6. Be3 cxd4 7. cxd4 Bb4+
8. Nc3 O-O 9. Bd3 b6 10. O-O Bxc3 11. bxc3 Ba6 12. Bxa6 Nxa6 13. Qa4 Qb7
14. c4 Rac8 15. Qb3 Nb8 16. a4 Qc7 17. Ne5 Rfd8 18. a5 bxa5 19. Rfc1 Nfd7
20. Nd3 Nb6 21. Bf4 Qd7 22. c5 Nd5 23. Bd6 f6 24. Rxa5 Nc6 25. Ra4 Qf7 26.
Qd1 Rd7 27. Nb2 Qg6 28. Qe2 Nxd4 29. Rxd4 Rxd6 30. cxd6 Rxc1+ 31. Nd1 Qf7
32. Rc4 Rxc4 33. Qxc4 Qd7 34. Qa6 Nb4 35. Qc4 Qxd6 36. Ne3 h6 37. h4 Nd5
38. Qc8+ Kh7 39. Nc4 Qc7 40. Qa6 Qf4 41. g3 Qe4 42. Nd6 Qb1+ 43. Kg2 Qb6
44. Qa3 Nb4 45. Ne4 Qd4 46. Qf3 Qd5 47. Kg1 f5 48. Ng5+ Kg6 49. Qc3 Qd1+
50. Kg2 Nd5 51. Qc8 hxg5 52. Qe8+ Kh7 53. Qxe6 Qd3 54. Qf7 Nf6 55. Qxa7
gxh4 0-1

[Event "6th EICC"]
[Site "Warsaw POL"]
[Date "2005.06.19"]
[Round "2"]
[White "Abergel,T"]
[Black "Iordachescu,V"]
[Result "1/2-1/2"]
[WhiteElo "2456"]
[BlackElo "2609"]
[EventDate "2005.06.18"]

1. e4 g6 2. d4 Bg7 3. Nc3 c6 4. Bc4 d6 5. Qf3 e6 6. Nge2 Nd7 7. Bf4 Ngf6 8.
O-O-O Qe7 9. h3 O-O 10. g4 b5 11. Bb3 a5 12. a4 b4 13. Nb1 e5 14. Bg5 exd4
15. Nxd4 Ne5 16. Qg3 c5 17. Bd5 Bb7 18. Nb5 Bxd5 19. Rxd5 Rad8 20. Nd2 h6
21. Bxf6 Qxf6 22. Kd1 g5 23. Rf1 Ng6 24. Nc4 Nf4 25. Rd2 Qe6 26. Qb3 d5 27.
exd5 Rxd5 28. Ne3 Rxd2+ 29. Kxd2 Rd8+ 30. Kc1 Qe4 31. Kb1 Ne6 32. Nf5 Qe2
33. Ne3 Rd2 34. Qc4 Qf3 35. Nf5 b3 36. Qxb3 Qxb3 37. cxb3 Rxb2+ 38. Kc1
Rxb3 39. Rd1 Rb4 40. Rd7 Rxa4 41. Nbd6 Ra1+ 42. Kd2 Ra2+ 43. Ke3 Nd4 44.
Nxg7 Kxg7 45. Nxf7 Kg6 46. Ke4 Kf6 47. Nxh6 Re2+ 48. Kd5 Re5+ 49. Kc4 a4
50. Ra7 Ne2 51. Nf5 Nf4 52. Ne3 Nxh3 53. Nd5+ Kg6 54. Ra6+ Kg7 55. Ra7+ Kg6
56. Ra6+ Kg7 57. Ra7+ 1/2-1/2

[Event "6th EICC"]
[Site "Warsaw POL"]
[Date "2005.06.19"]
[Round "2"]
[White "Jones,G"]
[Black "Izoria,Z"]
[Result "1/2-1/2"]
[WhiteElo "2439"]
[BlackElo "2602"]
[EventDate "2005.06.18"]

1. e4 c6 2. c4 d5 3. cxd5 cxd5 4. exd5 Nf6 5. Qa4+ Nbd7 6. Nc3 g6 7. Nf3
Bg7 8. Bc4 O-O 9. d3 Nb6 10. Qb3 Bg4 11. Ne5 Qc7 12. Nxg4 Nxg4 13. h3 Qe5+
14. Ne2 Nf6 15. Bf4 Qf5 16. g4 Qd7 17. Nc3 h5 18. f3 Rad8 19. Bb5 Qc8 20.
Rc1 Nfxd5 21. Nxd5 Qe6+ 22. Ne3 Qf6 23. Ng2 Nd5 24. Rc4 a6 25. g5 Qf5 26.
Nh4 Qxf4 27. Rxf4 Nxf4 28. Nxg6 Nxg6 29. Bc4 e6 30. Qxb7 Rb8 31. Qe4 Rfd8
32. b3 Rd4 33. Qe3 Nf4 34. Kd1 Rc8 35. Kc2 Rc5 36. Kb1 Rxg5 37. Rg1 Rxg1+
38. Qxg1 Nxh3 39. Qg3 Nf4 40. Bxa6 Kf8 41. Qh4 Nxd3 42. Qxh5 Ne5 43. a4
Rd1+ 44. Kc2 Rd5 45. Qh2 Nxf3 46. Qb8+ Ke7 47. Qb7+ Kf8 48. Qb4+ Kg8 49.
Qb8+ Kh7 50. Qg3 Rd2+ 51. Kb1 Rd1+ 52. Kc2 1/2-1/2

[Event "6th EICC"]
[Site "Warsaw POL"]
[Date "2005.06.19"]
[Round "2"]
[White "Kornev,Alexei"]
[Black "Bakalarz,M"]
[Result "1-0"]
[WhiteElo "2565"]
[BlackElo "2408"]
[EventDate "2005.06.18"]

1. e4 e5 2. Ne2 Nf6 3. Nbc3 Nc6 4. f4 d5 5. fxe5 Nxe4 6. d4 Be7 7. Nxe4
dxe4 8. c3 f6 9. Nf4 Bf5 10. exf6 Bxf6 11. Qb3 Qd6 12. Qxb7 Rb8 13. Qa6 e3
14. Bxe3 O-O 15. Bc4+ Kh8 16. O-O Rxb2 17. Bd5 Rb6 18. Qc4 Ne7 19. Bf3 Bc8
20. Qd3 Ba6 21. c4 Rb4 22. Rac1 Bg5 23. Nd5 Bxe3+ 24. Nxe3 Rd8 25. Rfd1 Qf4
1-0

[Event "6th EICC"]
[Site "Warsaw POL"]
[Date "2005.06.19"]
[Round "2"]
[White "Kuzubov,Y"]
[Black "Skurski,J"]
[Result "1-0"]
[WhiteElo "2558"]
[BlackElo "2299"]
[EventDate "2005.06.18"]

1. d4 Nf6 2. c4 g6 3. Nc3 Bg7 4. e4 d6 5. Be2 O-O 6. Bg5 Nbd7 7. f4 c6 8.
Nf3 Qa5 9. O-O h6 10. Bh4 Re8 11. a3 Nh7 12. b4 Qc7 13. Qd2 e5 14. fxe5
dxe5 15. d5 g5 16. d6 Qd8 17. Bf2 Ndf8 18. c5 Ng6 19. Bc4 Be6 20. Bxe6 fxe6
21. Rab1 Rf8 22. a4 Rf7 23. Ne1 Qd7 24. Nd3 Nf4 25. Be3 Nxd3 26. Rxf7 Qxf7
27. Qxd3 a6 28. Rf1 Nf6 29. Nb1 Qg6 30. Nd2 Rd8 31. Qb3 Ng4 32. h3 Nxe3 33.
Qxe3 Rd7 34. Nc4 Bf6 35. Qf3 Rf7 36. Qg4 Bg7 37. Rxf7 Qxf7 38. Qf3 Bf6 39.
Qd1 Qd7 40. Qh5 Kg7 41. Ne3 Kh7 42. Ng4 Bg7 43. Kf2 b6 44. Qxh6+ 1-0

[Event "6th EICC"]
[Site "Warsaw POL"]
[Date "2005.06.19"]
[Round "2"]
[White "Navara,D"]
[Black "Magalashvili,D"]
[Result "1/2-1/2"]
[WhiteElo "2647"]
[BlackElo "2445"]
[EventDate "2005.06.18"]

1. d4 d5 2. c4 e6 3. Nc3 Be7 4. cxd5 exd5 5. Bf4 c6 6. e3 Nf6 7. Bd3 O-O 8.
h3 Re8 9. Nf3 Nbd7 10. Qc2 Nf8 11. O-O Ne6 12. Bh2 g6 13. Rab1 Ng7 14. b4
a6 15. Na4 Bf5 16. Nc5 Qc8 17. Ne5 Bxd3 18. Ncxd3 Nf5 19. a4 Nd6 20. Rfc1
Nd7 21. Nxd7 Qxd7 22. Nc5 Qc8 23. Bxd6 Bxd6 24. b5 axb5 25. axb5 Bxc5 26.
Qxc5 Re6 27. Rb2 Qd7 28. Rcb1 Kg7 29. bxc6 bxc6 30. Rb7 Qc8 31. Ra7 Rxa7
32. Qxa7 Re8 33. Rc1 Qe6 34. Qb7 Rc8 35. e4 Re8 36. e5 Rc8 37. g4 h5 38. f3
c5 39. dxc5 Qxe5 40. Qxc8 Qg3+ 1/2-1/2

[Event "6th EICC"]
[Site "Warsaw POL"]
[Date "2005.06.19"]
[Round "2"]
[White "Kharlov,A"]
[Black "Berescu,A"]
[Result "1-0"]
[WhiteElo "2628"]
[BlackElo "2439"]
[EventDate "2005.06.18"]

1. d4 Nf6 2. c4 e6 3. Nc3 Bb4 4. e3 O-O 5. Nge2 d5 6. a3 Bd6 7. c5 Be7 8.
b4 b6 9. Nf4 a5 10. Rb1 c6 11. Nd3 Nbd7 12. f4 bxc5 13. bxc5 Ba6 14. Bd2
Qc7 15. Be2 Rfb8 16. O-O Rxb1 17. Qxb1 Bd8 18. Qc2 Rb8 19. Bf3 Bc4 20. Ra1
Rb7 21. Nc1 Ne8 22. Rb1 f5 23. g4 g6 24. g5 Rxb1 25. Nxb1 Qb8 26. Be1 h6
27. h4 hxg5 28. hxg5 Ng7 29. Nd2 Ba6 30. a4 e5 31. dxe5 Ne6 32. Ndb3 Nxe5
33. fxe5 Qxe5 34. Qc3 Nxg5 35. Bg2 Qe6 36. Nd4 Qd7 37. Qc2 Bc7 38. Nce2 Ne4
39. Nf4 1-0

[Event "6th EICC"]
[Site "Warsaw POL"]
[Date "2005.06.19"]
[Round "2"]
[White "Stocek,J"]
[Black "Luch,M"]
[Result "1/2-1/2"]
[WhiteElo "2585"]
[BlackElo "2417"]
[EventDate "2005.06.18"]

1. c4 Nf6 2. Nc3 e6 3. d4 Bb4 4. Nf3 c5 5. g3 cxd4 6. Nxd4 Ne4 7. Qd3 Qa5
8. Nb3 Nxc3 9. Bd2 Ne4 10. Qxe4 Bxd2+ 11. Nxd2 Nc6 12. Bg2 O-O 13. Qc2 d5
14. O-O dxc4 15. Nxc4 Qc5 16. Rac1 e5 17. Rfd1 Be6 18. Bxc6 Qxc6 19. Nxe5
Qxc2 20. Rxc2 Bxa2 21. Rc7 Rfd8 22. Rxd8+ Rxd8 23. f3 Bd5 24. Kf2 f6 25.
Nd3 a5 26. Nf4 b5 27. h4 Bc4 28. Ke1 Bb3 29. Nd3 Bc4 30. Nc5 a4 31. g4 Ra8
32. Ne4 Bd5 33. Nc3 Bc4 34. Rb7 Re8 35. h5 Re5 36. e4 Rc5 37. Kd2 h6 38.
Ke3 Rc8 39. Nxb5 Bxb5 40. Rxb5 a3 41. bxa3 Rc3+ 42. Kf4 Rxa3 43. Rb7 Kh7
44. Rb8 Rc3 45. Ra8 Rb3 46. Kg3 Rc3 47. Kf2 Rc2+ 48. Ke3 Rc3+ 49. Ke2 Rb3
50. Rd8 Ra3 51. Rd3 Ra2+ 52. Ke3 Ra1 53. Rc3 Kg8 54. Rc8+ Kh7 55. Rd8 Ra3+
56. Rd3 Ra1 57. f4 Re1+ 58. Kd4 Rf1 59. g5 hxg5 60. fxg5 Rh1 61. Rf3 Rd1+
62. Rd3 Rh1 63. Rf3 Rd1+ 64. Kc5 fxg5 65. e5 Re1 66. Kd6 Kh6 67. e6 g4 68.
Rd3 1/2-1/2

[Event "6th EICC"]
[Site "Warsaw POL"]
[Date "2005.06.19"]
[Round "2"]
[White "Babujian,L"]
[Black "Fedorchuk,S"]
[Result "1-0"]
[WhiteElo "2386"]
[BlackElo "2577"]
[EventDate "2005.06.18"]

1. e4 c5 2. Nf3 d6 3. d4 cxd4 4. Nxd4 Nf6 5. Nc3 a6 6. Bc4 e6 7. O-O Be7 8.
Bb3 O-O 9. f4 Nbd7 10. Be3 Nc5 11. Qf3 Qc7 12. Rad1 b5 13. e5 Bb7 14. exf6
Bxf3 15. fxe7 Bxd1 16. exf8=Q+ Rxf8 17. Rxd1 b4 18. Nce2 Nxb3 19. cxb3 g6
20. Rc1 Qb7 21. Nc6 Kg7 22. Rc4 Rc8 23. Ned4 a5 24. Kf2 Qa6 25. a4 h5 26.
Nxa5 Rc5 27. Rxc5 dxc5 28. Ndc6 Qd3 29. Ne5 Qc2+ 30. Kf3 f6 31. Nec4 e5 32.
fxe5 fxe5 33. Nd2 Qf5+ 34. Ke2 Qg4+ 35. Kf1 Qf5+ 36. Kg1 h4 37. Nac4 h3 38.
gxh3 Qxh3 39. a5 Qg4+ 40. Kf1 Qh3+ 41. Ke1 Qxh2 42. Bxc5 Qh1+ 43. Ke2 Qb7
44. Ke3 Kf6 45. Ne4+ Ke6 46. Ned6 Qd7 1-0

[Event "6th EICC"]
[Site "Warsaw POL"]
[Date "2005.06.19"]
[Round "2"]
[White "Zawadzka,J"]
[Black "Erenburg,S"]
[Result "1-0"]
[WhiteElo "2383"]
[BlackElo "2575"]
[EventDate "2005.06.18"]

1. e4 c5 2. Nf3 e6 3. d4 cxd4 4. Nxd4 a6 5. Nc3 d6 6. Be3 b5 7. f3 Bb7 8.
Qd2 Nd7 9. O-O-O Rc8 10. Kb1 Ngf6 11. g4 Nb6 12. g5 Nfd7 13. Bd3 Ne5 14. f4
Nec4 15. Bxc4 Nxc4 16. Qd3 b4 17. Nce2 Nxe3 18. Qxe3 Qb6 19. Qd3 d5 20. e5
g6 21. h4 Kd7 22. h5 Be7 23. Rh2 Kc7 24. Rdh1 Rhf8 25. hxg6 hxg6 26. Rh7
Kb8 27. f5 Bxg5 28. fxg6 fxg6 29. Qxg6 Be3 30. Qd3 Bf2 31. Re7 Rce8 32.
Rxe8+ Rxe8 33. Rh7 Rf8 34. b3 a5 35. Qd2 Ba6 36. Qh6 Rc8 37. Qf4 Be1 38.
Rh1 Bc3 39. Nxc3 bxc3 40. a4 Rc4 41. Qf8+ Bc8 42. Nb5 Rc6 43. Nd6 Qc5 44.
Ka2 d4 45. Qf3 d3 46. Qxd3 Qxe5 47. Nc4 Qd5 48. Qxd5 exd5 49. Nxa5 Ra6 50.
b4 d4 51. Rd1 Bf5 52. Kb3 Rh6 53. b5 Kc7 54. Rxd4 Rh3 55. Nc4 Be6 56. Kb4
Bf5 57. b6+ Kc6 58. Rd6+ Kb7 59. Na5+ Kc8 60. b7+ Kc7 61. Rc6+ Kb8 62. Ra6
1-0

[Event "6th EICC"]
[Site "Warsaw POL"]
[Date "2005.06.19"]
[Round "2"]
[White "Perunovic,Mil"]
[Black "Lagowski,P"]
[Result "1-0"]
[WhiteElo "2549"]
[BlackElo "2393"]
[EventDate "2005.06.18"]

1. e4 c5 2. Nf3 d6 3. d4 cxd4 4. Nxd4 Nf6 5. Nc3 a6 6. Be3 e5 7. Nb3 Be7 8.
f3 Be6 9. Qd2 O-O 10. O-O-O Nbd7 11. g4 b5 12. g5 b4 13. Ne2 Ne8 14. Kb1 a5
15. f4 a4 16. Nbc1 exf4 17. Nxf4 Bxg5 18. Nxe6 Bxe3 19. Nxd8 Bxd2 20. Rxd2
Rxd8 21. Rd4 Nef6 22. Rxb4 Nc5 23. Bg2 Rfe8 24. Re1 Re5 25. Nd3 Rh5 26. h3
Rg5 27. Bh1 Rg3 28. Nxc5 dxc5 29. Rxa4 Rxh3 30. Rc4 Ng4 31. e5 Nf2 32. Bb7
Re3 33. Rf1 Rxe5 34. a4 Nd1 35. Rf3 Ne3 36. Rxe3 Rxe3 37. a5 Re1+ 38. Ka2
Rdd1 39. Rxc5 Ra1+ 40. Kb3 g6 41. a6 h5 42. Kb4 h4 43. Ra5 Rxa5 44. Kxa5 g5
45. Bc8 f5 46. a7 g4 47. Kb6 Ra1 48. Ba6 1-0

[Event "6th EICC"]
[Site "Warsaw POL"]
[Date "2005.06.19"]
[Round "2"]
[White "Citak,S"]
[Black "Bagheri,A"]
[Result "1/2-1/2"]
[WhiteElo "2351"]
[BlackElo "2518"]
[EventDate "2005.06.18"]

1. d4 Nf6 2. c4 e6 3. Nc3 Bb4 4. Qc2 O-O 5. a3 Bxc3+ 6. Qxc3 b6 7. Bg5 Bb7
8. e3 d6 9. Ne2 Nbd7 10. Qd3 c5 11. Nc3 Rc8 12. Rd1 Ba6 13. Qd2 Qc7 14. Be2
d5 15. Bxf6 Nxf6 16. cxd5 Bb7 17. Bf3 Bxd5 18. Bxd5 exd5 19. dxc5 bxc5 20.
Nxd5 Nxd5 21. Qxd5 Rfd8 22. Qb3 Rxd1+ 23. Qxd1 Qb7 24. O-O Qxb2 25. Qd7 Qb8
26. Rc1 c4 27. g3 c3 28. h4 h6 29. a4 Rc7 30. Qd3 c2 31. Kh2 Qc8 32. a5 Rc3
33. Qe4 Rc4 34. Qd3 Rc7 35. Kg2 Rc3 36. Qe4 Rc4 37. Qd3 g6 38. Qd2 Qb7+ 39.
Kh2 Qe4 40. Qe2 Kg7 41. Qd2 g5 42. hxg5 hxg5 43. f3 Qxf3 44. Rxc2 Rxc2 45.
Qxc2 Qxe3 46. Qc7 Kg6 47. Qd6+ f6 48. Qc7 Qf2+ 49. Kh1 Kh5 50. a6 Qf1+ 51.
Kh2 Qf2+ 52. Kh1 Qf1+ 53. Kh2 Qf2+ 54. Kh1 Kg4 55. Qc4+ Kf3 56. Qg4+ Ke3
57. Qe6+ Kd4 58. Qd7+ Kc4 59. Qb7 Qd4 60. Kg2 f5 61. Kh2 Qd2+ 62. Kh1 Qd4
63. Kg2 Kd3 64. Qb1+ Ke3 65. Qxf5 g4 66. Qc8 Qd2+ 67. Kh1 Qe1+ 68. Kh2 Qf2+
69. Kh1 Qf1+ 70. Kh2 Qh3+ 71. Kg1 Qxg3+ 72. Kh1 Qe1+ 73. Kg2 Qf2+ 74. Kh1
Qf3+ 75. Kg1 Qd1+ 76. Kg2 Qd5+ 77. Kg1 Qd4 78. Kg2 Qe4+ 79. Kg1 Kf3 80. Qb7
g3 81. Qxe4+ Kxe4 82. Kg2 Kf4 83. Kg1 Ke5 84. Kg2 1/2-1/2

[Event "6th EICC"]
[Site "Warsaw POL"]
[Date "2005.06.19"]
[Round "2"]
[White "Reinderman,D"]
[Black "Asauskas,H"]
[Result "1/2-1/2"]
[WhiteElo "2509"]
[BlackElo "2357"]
[EventDate "2005.06.18"]

1. d4 Nf6 2. c4 e6 3. Nc3 Bb4 4. Qc2 c5 5. dxc5 O-O 6. a3 Bxc5 7. Nf3 b6 8.
Bf4 Bb7 9. e4 Nc6 10. Rd1 Ne7 11. Be2 Ng6 12. Bc1 Qc7 13. O-O Rac8 14. Bg5
Rfd8 15. Rd2 a6 16. h3 h6 17. Bxf6 gxf6 18. Rfd1 Nf4 19. Bf1 f5 20. Ne1 Kh8
21. b4 Be7 22. g3 fxe4 23. Nxe4 d5 24. Qb2+ Kg8 25. Nf6+ Bxf6 26. Qxf6 Ng6
27. cxd5 Rxd5 28. Rxd5 Bxd5 29. Bxa6 Ra8 30. Bd3 Qe5 31. Qxe5 Nxe5 32. Ra1
Kg7 33. Be2 Kf6 34. a4 Nc6 35. Nd3 Bc4 36. Bf3 Rc8 37. Bxc6 Rxc6 38. Rc1
Rd6 39. Rxc4 Rxd3 40. Rc6 Ra3 41. Rxb6 Rxa4 42. Kg2 Kf5 43. Rb5+ Kf6 44. g4
Kg6 45. Kg3 Ra3+ 46. f3 Rb3 47. Kf4 Kf6 48. Ke4 h5 49. Kf4 hxg4 50. hxg4
Kg6 51. Ke4 Rb1 52. Rb8 Re1+ 53. Kf4 e5+ 54. Kg3 Re3 55. b5 Rb3 56. Kf2 Kg5
57. Rb6 f5 58. gxf5 Kxf5 59. Rb8 Kf4 60. Rf8+ 1/2-1/2

[Event "6th EICC"]
[Site "Warsaw POL"]
[Date "2005.06.19"]
[Round "2"]
[White "Stoma,P"]
[Black "Nalbandian,T"]
[Result "1/2-1/2"]
[WhiteElo "2295"]
[BlackElo "2508"]
[EventDate "2005.06.18"]

1. e4 Nf6 2. Nc3 d5 3. e5 d4 4. exf6 dxc3 5. fxg7 cxd2+ 6. Qxd2 Qxd2+ 7.
Bxd2 Bxg7 8. O-O-O Bg4 9. Be2 Bxe2 10. Nxe2 Nd7 11. Bc3 Rg8 12. Bxg7 Rxg7
13. Nf4 e6 14. Rhe1 Nf6 15. Re3 Rg4 16. g3 Rg5 17. Rc3 c6 18. Rc4 Rf5 19.
Nd3 Rh5 20. h4 Rd8 21. Ra4 a6 22. Rb4 b5 23. Rf4 Ke7 24. Re1 Nd7 25. Re3
Rd5 26. c4 Rd6 27. b3 a5 28. Kc2 Nc5 29. Nb2 Rd2+ 30. Kc1 a4 31. cxb5 axb3
32. axb3 cxb5 33. Rc3 e5 34. Rb4 R2d5 35. Kb1 Ne6 36. Re4 f5 37. Ree3 Kf6
38. Nd3 e4 39. Nb4 Rd1+ 40. Rc1 R8d2 41. f3 exf3 42. Rxf3 Rxc1+ 43. Kxc1
Rd4 44. Nd3 h5 45. Kd2 Rg4 46. Nf2 Rd4+ 47. Nd3 b4 48. Kc2 Re4 49. Kd1 Nd4
50. Rf4 Nxb3 51. Nxb4 Rxf4 52. Nd5+ Kg6 53. Nxf4+ Kh6 54. Ne6 Na5 55. Ke2
Nc6 56. Ke3 Kg6 57. Nf4+ Kh6 58. Kd3 Ne5+ 59. Kd4 Nf3+ 60. Kd5 Nd2 61. Ke6
Nf1 62. Ne2 Ne3 63. Kf6 Ng4+ 64. Kxf5 Ne3+ 65. Ke6 Kg6 66. Nf4+ Kh6 67. Kf7
Nf5 68. Ne2 Nd6+ 69. Ke6 Ne4 70. Ke5 Nd2 71. Kf5 Nc4 72. Nd4 Nd6+ 73. Ke5
Ne8 74. Ne6 Kg6 75. Nf4+ Kh6 76. Ke6 Ng7+ 77. Kf6 Ne8+ 1/2-1/2

[Event "6th EICC"]
[Site "Warsaw POL"]
[Date "2005.06.19"]
[Round "2"]
[White "Kachur,A"]
[Black "Evdokimov,Alexa"]
[Result "0-1"]
[WhiteElo "2281"]
[BlackElo "2503"]
[EventDate "2005.06.18"]

1. e4 c5 2. Nf3 d6 3. d4 cxd4 4. Nxd4 Nf6 5. f3 e5 6. Nb3 Be6 7. c4 Be7 8.
Be3 O-O 9. Bd3 Nfd7 10. Nc3 Bg5 11. Qd2 Bxe3 12. Qxe3 Nc6 13. O-O a5 14.
Rfd1 a4 15. Nc1 Nc5 16. Bf1 Nd4 17. Rd2 f5 18. N1e2 fxe4 19. fxe4 Nc6 20.
Nb5 Qb6 21. Nec3 Rad8 22. Be2 Na5 23. Rad1 Nxc4 24. Bxc4 Bxc4 25. Na3 Be6
26. Nab5 Bc4 27. Na3 Ba6 28. h3 Kh8 29. Nd5 Qa5 30. Kh2 Ne6 31. Ne7 Qc5 32.
Qg3 Rd7 33. Nf5 Rfd8 34. Rc2 Qb4 35. Qe3 g6 36. Nh6 Rf8 37. Rf2 Rxf2 38.
Qxf2 Kg7 39. Qh4 Be2 40. Re1 Bb5 41. Nc2 Qd2 42. Ne3 Nd4 43. Kh1 Be2 44.
Nhf5+ gxf5 45. exf5 Qxe3 46. f6+ Kf8 0-1

[Event "6th EICC"]
[Site "Warsaw POL"]
[Date "2005.06.19"]
[Round "2"]
[White "Brkic,A"]
[Black "Bugajski,R"]
[Result "1-0"]
[WhiteElo "2477"]
[BlackElo "2218"]
[EventDate "2005.06.18"]

1. e4 e6 2. d4 d5 3. Nc3 Bb4 4. e5 Ne7 5. a3 Bxc3+ 6. bxc3 c5 7. Nf3 Nbc6
8. a4 Qa5 9. Bd2 Qc7 10. Bd3 c4 11. Be2 Bd7 12. h4 O-O-O 13. h5 h6 14. Bc1
f6 15. Ba3 Be8 16. Bd6 Rxd6 17. exd6 Qxd6 18. Qd2 Bf7 19. Nh4 Rd8 20. f4
Kb8 21. O-O f5 22. Qe3 Ng8 23. Qg3 Qf8 24. Qh3 Nf6 25. g4 fxg4 26. Bxg4 Qe8
27. Rae1 Ne4 28. f5 e5 29. Nf3 exd4 30. cxd4 Qe7 31. Re3 Re8 32. Qh2+ Ka8
33. Qf4 Nb4 34. Rf2 Qd8 35. Rg2 Nf6 36. Rxe8 Bxe8 37. Ne5 Bxa4 38. Bd1 a6
39. Qd2 Qe7 40. Qc3 Nc6 41. Nxc6 Bxc6 42. Qg3 Qe4 43. Qe5 Qxe5 44. dxe5 Ne8
45. Bf3 Ka7 46. Rd2 Nc7 47. f6 gxf6 48. exf6 Be8 49. Bxd5 Nxd5 50. Rxd5 Bf7
51. Rd7 Bxh5 52. f7 Bxf7 53. Rxf7 a5 54. Kf2 a4 55. Ke3 Ka6 56. Kd4 b5 57.
Kc5 a3 58. Rf3 1-0

[Event "6th EICC"]
[Site "Warsaw POL"]
[Date "2005.06.20"]
[Round "3"]
[White "Warakomski,T"]
[Black "Szewczak,And"]
[Result "1-0"]
[WhiteElo "2384"]
[BlackElo "1995"]
[EventDate "2005.06.18"]

1. e4 e5 2. Nf3 Nc6 3. Bb5 a6 4. Ba4 Bc5 5. O-O b5 6. Bb3 d6 7. c3 Nf6 8.
d4 Bb6 9. dxe5 Nxe5 10. Nxe5 dxe5 11. Qxd8+ Kxd8 12. Bxf7 Bb7 13. Bg5 h6
14. Bxf6+ gxf6 15. Nd2 Rh7 16. Bg6 Rg7 17. Bf5 Ke7 18. Rad1 Rag8 19. g3 Rg5
20. Bh3 f5 21. Bxf5 h5 22. Bh3 h4 23. Kg2 Rh5 24. f3 hxg3 25. hxg3 Rhg5 26.
g4 Bc8 27. Rfe1 Be6 28. a3 R5g7 29. Kg3 Rh7 30. Nf1 Rgh8 31. Bg2 Bg1 32. b4
Kf6 33. Ne3 Bh2+ 34. Kf2 Kg5 35. Rh1 Kf4 36. Nf1 Bb3 37. Rd2 Be6 38. Rxh2
Rxh2 39. Nxh2 Rxh2 40. Rd8 Rh7 41. Ra8 Rd7 42. Rxa6 Rd2+ 43. Ke1 Rxg2 44.
Rxe6 Ke3 45. Kf1 Kxf3 46. Rf6+ Kg3 47. g5 Kh3 48. Rf3+ Kh2 49. Rf2 c5 50.
Rxg2+ Kh1 51. Rg1+ Kh2 52. g6 cxb4 53. g7 bxc3 54. g8=R c2 55. Rh8+ 1-0

[Event "6th EICC"]
[Site "Warsaw POL"]
[Date "2005.06.20"]
[Round "3"]
[White "Dworakowska,J"]
[Black "Wojcicki,L"]
[Result "1-0"]
[WhiteElo "2383"]
[BlackElo "1833"]
[EventDate "2005.06.18"]

1. e4 c5 2. Nf3 d6 3. d4 cxd4 4. Nxd4 Nf6 5. Nc3 e6 6. Be3 Ng4 7. Bc1 Nf6
8. Be2 e5 9. Nb3 Be7 10. O-O O-O 11. Kh1 Be6 12. f4 Nc6 13. f5 Bxb3 14.
axb3 Nd4 15. Bg5 Nxe2 16. Qxe2 Nd7 17. Bxe7 Qxe7 18. Nd5 Qh4 19. Rf3 Nf6
20. Rh3 Qg5 21. Nc3 Qg4 22. Qxg4 Nxg4 23. Kg1 Rfd8 24. Nd5 f6 25. Rg3 Nh6
26. Nxf6+ Kf7 27. Nxh7 d5 28. Ng5+ 1-0